01339nab a22002177a 4500003000400000005001700004008004100021040000700062100002100069245016800090260007300258300001500331500003700346505042200383505008200805650001800887650001900905650003500924650001100959773015100970OSt20251229115914.0190429b xxu||||| |||| 00| 0 spa d cPJ aPolak, Thomas E.13aEl tratamiento de las pruebas exculpatorias en el Código Procesal Penal Federal. Garantías, obligaciones y tensiones del sistema acusatorio /cThomas E. Polak. cCiudad Autónoma de Buenos Aires :aThomson Reuters La Ley, b2025. ap. 141-147 aCita: TR LALEY AR/DOC/2198/2025. aSumario: I. Introducción.— II. La prueba exculpatoria.— III. La prueba exculpatoria y su fundamento en la jurisprudencia de la Corte Suprema de los Estados Unidos: proyecciones sobre el derecho de defensa.— IV. El rol del Ministerio Público Fiscal. El principio de objetividad como deber funcional y el principio de lealtad procesal.— V. Tensiones y desafíos prácticos.— VI. Consideraciones finales. tSi te interesa el texto completo, solicitalo a koha@justierradelfuego.gov.ar  0aDERECHO PENAL 0aDEBIDO PROCESO 0aGARANTIAS CONSTITUCIONALES › 0aPRUEBA0 02658tRevista de derecho penal y criminología. Nº 8 - Octubre 2025dCiudad Autónoma de Buenos Aires : Thomson Reuters La Ley, 2017-x00347914